000 01134nam a2200289 4500
001 0000013757
003 CO-CtgCURN
005 20250828213536.0
008 160627s1993 000 0 eng d
040 _aCO-CtgCURN
_bspa
_ccoctgcurn
082 0 _a345.72
_bU77p
100 1 _aUrrutia Mejia, Hernando.
245 1 4 _aLos procesos posesorios, el reivindicatorio y la ocupacion de hecho :
_baspectos fundamentales /
_cHernando Urrutia Mejia , corrección Urbano Díaz M.
260 _aBogotá :
_bEdiciones Juridica Radar,
_c1993.
300 _a2 v.
336 _2rdacontent
337 _2rdamedia
_asin mediacion
_bn
338 _2rdacarrier
_avolumen
_bnc
504 _aBibliografia (p. 839-845)
505 8 _av.1 Parte primera, teoria.--Aspectos fundamentales.--v.2 Teoria.--Aspectos fundamentales.--Parte segunda, Practica forense.--Legislacion
650 0 _aAlquileres
_zColombia.
700 1 _aDíaz M., Urbano.
908 _a160627
942 _cBK
_h345.72
_iU77p
_2ddc
999 _c49988
_d49988
_x2